LDR 00894naa#a2200169#i#450# 001 RU\\bibl\112001 005 20260503175552.7 011 ## _a2500-1825 100 ## _a20260331b2026####ek#y0rusy0150####ca 102 ## _aRU 200 1# _aОБЩЕСТВЕННОЕ И ИНДИВИДУАЛЬНОЕ ЖИВОТНОВОДСТВО КРАСНОЯРСКОГО КРАЯ В УСЛОВИЯХ АГРАРНЫХ РЕФОРМ Н.С. ХРУЩЕВА _eЖурнальная статья 210 1# _aКрасноярск _cКрасноярский государственный аграрный университет _d2026 215 ## _a9 с. 608 ## _aЖурнальная статья _2local 675 ## _aКраеведение. 908 _aРегиональная экономика. Территориальная экономика. 332.1 _z 700 #1 _aКоцик _gСтанислав Александрович 856 4# _asej.kgau.ru _u